1240 1128 1878 1968 1209 1887 1609 1869 1450 1942 1809 1267 1389 1168 1372 1793 1611 1990 1188 1956 1885 1756 1697 1020 1056 1061 1174 1542 1360 1846 1658 1344 1558 1758 1291 1143 1556 1668 1524 1400 1651 1445 1791 1388 1697 1883 1871 1624 1561 1174 1095 1027 1217 1905 1384 1321 1767 1860 1753 1708 1480 1804 1819 1779 1809 1232 1272 1556 1955 1230 1765 1372 1317 1088 1479 1519 1388 1309 1751 1587 1042 1464 1078 1804 1480 1370 1586 1777 1975 1973 1663 1413 1814 1258 1810 1123 1665 1166 1607 BCNSPRNW ULIB Ver.6.0+V

เปลี่ยนเป็นภาษาไทย

Change to English
 แสดงรายละเอียดบรรณานุกรม
  กลับหน้าหลัก

Brief Record : Get Marc (ISO 2709) : E-mail record : QR code < ปิดหน้าต่าง
LEADER : 00000nam 2200000uu 4500
001    13399125485
003     ULIB
008    170614s2557||||th 000 0 tha d
020    ^a9786167741093
040    ^abra
060 04 ^aWG170^bบ747ศ
245 00 ^aศัลยศาสตร์หลอดเลือดในเวชปฏิบัติทั่วไป =^bVascular surgery ingeneral practice /^cบูรพา กาญจนบัตร, ไวกูณฐ์สถาปนาวัตร, บรรณาธิการ
246 31 ^aVascular surgery in general practice
250    ^aพิมพ์ครั้งที่ 2
260    ^aกรุงเทพฯ :^bโฆษิตการพิมพ์,^c2557
300    ^a251 หน้า :^bภาพประกอบ ;^c26 ซม.
490 0  ^aโครงการตำราศัลยศาสตร์วชิรพยาบาล
500    ^aการพยาบาลผู้ใหญ่
505 0  ูู^a1.การใช้ยา anti thrombotic และ thrombolytic ศัลยศาสตร์หลอดเลือด--2.เทคนิคผ่าตัดพื้นฐานในศัลยศาสตร์หลอดเลือด--3.การประเมินความเสี่ยงและเตรียมผู้ป่วยเพื่อรับการผ่าตัด--4.โรคหลอดเลือดแดงอุดตัน--5.เท้าเบาหวาน--6.โรคเส้นเลือดขอด--7.โรคหลอดดำเรื้อรัง--8.โรค Abdominal aortic aneurysm--10.โรค Carotidartery stenosis --11.โรค Deep vein thrombosis--12.โรค Pulominary embolism--13.การบาดเจ็บหลอดเลือด--14.การตัดระยางค์--15.ความรู้เรื่องเส้นเลือดเพื่อฟอกเลือดล้างไต
650  2 ^aVascular Surgical Procedures
650  4 ^aหลอดเลือด, ศัลยกรรม
700 0  ^aบูรพา กาญจนบัตร,^eบรรณาธิการ
700 0  ^aไวกูณฐ์ สถาปนาวัตร,^eบรรณาธิการ
945    ^p270^l0^i25164
999    ^aกัณชพร
รายการนี้ยังไม่มีแท็ก
คุณยังไม่ได้ล็อกอิน คุณสามารถมีกิจกรรมร่วมกับเว็บไซต์ได้ แต่ต้องล็อกอินก่อน ::
  ล็อกอิน

รายการสื่อสารสนเทศ

ลำดับที่ ประเภท เลขเรียก/บาร์โค้ด สถานที่ สถานะ
1. หนังสือสำรอง
หนังสือสำรอง
สถานะ=หนังสือเก่า
WG170 บ747ศ ฉ.1 
  Barcode: 25164
ห้องสมุดวิทยาเขตนครสวรรค์
►ส่วนจัดเก็บหนังสือเก่า นว.
บนชั้น
  ขอยืม

รายการใกล้เคียง
    หัวเรื่อง [Vascular Surgical Procedures]
    หัวเรื่อง [หลอดเลือด, ศัลยกรรม]

BibComment


ยังไม่เคยถูกคอมเมนท์

คอมเมนท์ทรัพยากรรายการนี้
  คอมเมนท์: ศัลยศาสตร์หลอดเล..


 Copyright 2026. Bcnsprnw @Library